[Event "Caribean-chT Blitz 24th"]
[Site "San Salvador"]
[Date "2023.07.06"]
[Round "6.2"]
[White "Morales Santos, Natasha"]
[Black "Granados Ortiz, Maria Jose"]
[Result "1-0"]
[WhiteElo "1813"]
[BlackElo "1744"]
[PlyCount "67"]
[EventDate "2023.07.06"]
[EventType "tourn (blitz)"]
[EventRounds "15"]
[EventCountry "ESA"]
[SourceTitle "CBM 215 Extra"]
[Source "ChessBase"]
[SourceDate "2023.09.30"]
[SourceVersion "1"]
[SourceVersionDate "2023.09.30"]
[SourceQuality "1"]
[WhiteTeam "Puerto Rico"]
[BlackTeam "Nicaragua"]
[WhiteTeamCountry "PUR"]
[BlackTeamCountry "NCA"]

1. d4 d5 2. c4 c6 3. cxd5 cxd5 4. Bf4 Nf6 5. e3 Bf5 6. Nc3 e6 7. Be2 a6 8. g4 Bg6 9. h4 h6 10. Qb3 Qd7 11. Na4 Nc6 12. Nb6 Bb4+ 13. Kf1 Qd8 14. Nxa8 Qxa8 15. Nh3 Ne4 16. Kg2 0-0 17. Rac1 Qd8 18. h5 Bh7 19. Rxc6 bxc6 20. Qxb4 Nf6 21. Rc1 Be4+ 22. f3 Bh7 23. Rxc6 g6 24. Bxh6 Re8 25. Bg5 gxh5 26. gxh5 Kg7 27. Qb6 Qd7 28. Nf4 Rg8 29. Kf2 Bf5 30. h6+ Kh7 31. Bxf6 Kxh6 32. Rc1 Bg6 33. Rh1+ Bh5 34. Rxh5# 1-0

[Event "Central America-ch (Women) 24th"]
[Site "San Salvador"]
[Date "2023.01.21"]
[Round "9"]
[White "Fuentes Godoy, Lilia Ivonne"]
[Black "Morales Santos, Natasha"]
[Result "1-0"]
[WhiteElo "2096"]
[BlackElo "1813"]
[PlyCount "141"]
[EventDate "2023.01.21"]
[EventType "swiss"]
[EventRounds "11"]
[EventCountry "ESA"]
[SourceTitle "CBM 212 Extra"]
[Source "ChessBase"]
[SourceDate "2023.03.31"]
[SourceVersion "1"]
[SourceVersionDate "2023.03.31"]
[SourceQuality "1"]

1. d4 f5 2. c4 Nf6 3. g3 e6 4. Bg2 Be7 5. Nf3 0-0 6. 0-0 d6 7. b3 Ne4 8. Bb2 Bf6 9. Nbd2 Nc6 10. e3 e5 11. d5 Nxd2 12. Nxd2 Ne7 13. f4 Ng6 14. Nf3 Qe7 15. Qd2 Bd7 16. Rae1 e4 17. Nd4 a5 18. Rc1 c5 19. dxc6 bxc6 20. Rfd1 Nh8 21. Bc3 a4 22. Bf1 axb3 23. axb3 Nf7 24. b4 c5 25. Nb5 Bxc3 26. Qxc3 Ra4 27. bxc5 dxc5 28. Rd2 Be6 29. Rcd1 h6 30. Be2 Rb4 31. Rb2 Rxb2 32. Qxb2 Rd8 33. Ra1 Qd7 34. Ra7 Qd2 35. Qxd2 Rxd2 36. Kf1 Rxe2 37. Kxe2 Bxc4+ 38. Kd2 Bxb5 39. Rc7 Bd3 40. Rxc5 g6 41. Rc6 Kg7 42. Kc3 Nd8 43. Rd6 Nf7 44. Rb6 Be2 45. Kd4 g5 46. Kd5 gxf4 47. gxf4 Bf1 48. Ke6 Bc4+ 49. Kxf5 Bd3 50. h4 Bc2 51. Rb7 Bd3 52. Rc7 Bb1 53. h5 Bd3 54. Ke6 Kg8 55. Kf6 Nd6 56. Kg6 Bc4 57. Rc6 Bf7+ 58. Kf6 Ne8+ 59. Ke7 Kg7 60. f5 Bxh5 61. f6+ Nxf6 62. Rxf6 Bf3 63. Ke6 h5 64. Ke5 h4 65. Rf4 h3 66. Rh4 Kg6 67. Rxh3 Kg5 68. Rg3+ Kh4 69. Kf4 Bh1 70. Rg8 Kh3 71. Rh8+ 1-0

[Event "Titled Tuesday intern op 04th Oct Late"]
[Site "Chess.com INT"]
[Date "2022.10.04"]
[Round "4"]
[White "Morales Santos, Natasha"]
[Black "Osmonbekov, Talaibek D"]
[Result "0-1"]
[WhiteElo "1913"]
[BlackElo "2137"]
[PlyCount "50"]
[EventDate "2022.10.04"]
[EventType "swiss (blitz)"]
[EventRounds "11"]
[EventCountry "USA"]
[SourceTitle "EXT 2023"]
[Source "ChessBase"]
[SourceDate "2022.10.05"]
[SourceVersion "1"]
[SourceVersionDate "2022.10.05"]
[SourceQuality "1"]

1. d4 e6 2. c4 f5 3. Nf3 Nf6 4. g3 Be7 5. Bg2 0-0 6. 0-0 d6 7. Nc3 a5 8. Qc2 Nc6 9. e4 e5 10. dxe5 dxe5 11. Rd1 Qe8 12. exf5 Qh5 13. Nh4 Nd4 14. Qd2 Nxf5 15. Nxf5 Bxf5 16. Nd5 Bc5 17. Ne3 Bg4 18. Re1 Bb4 19. Nxg4 Bxd2 20. Nxf6+ gxf6 21. Bxd2 c6 22. Be3 Rfd8 23. h4 a4 24. Bh3 Qf7 25. Rad1 Qxc4 0-1

[Event "Titled Tuesday intern op 27th Sep Late"]
[Site "Chess.com INT"]
[Date "2022.09.27"]
[Round "2"]
[White "Herman, Daniel"]
[Black "Morales Santos, Natasha"]
[Result "1-0"]
[WhiteElo "1957"]
[BlackElo "1913"]
[PlyCount "63"]
[EventDate "2022.09.27"]
[EventType "swiss (blitz)"]
[EventRounds "11"]
[EventCountry "USA"]
[SourceTitle "CBM 210 Extra"]
[Source "ChessBase"]
[SourceDate "2022.11.30"]
[SourceVersion "1"]
[SourceVersionDate "2022.11.30"]
[SourceQuality "1"]

1. Nf3 f5 2. e4 fxe4 3. Ng5 Nf6 4. d3 e5 5. Nxe4 d5 6. Nxf6+ Qxf6 7. Nc3 Bc5 8. Qf3 c6 9. Qxf6 gxf6 10. g3 Bg4 11. Bg2 h5 12. Be3 Nd7 13. Bxc5 Nxc5 14. h3 Be6 15. 0-0-0 0-0-0 16. d4 Nd7 17. Rhe1 Rdg8 18. h4 Bg4 19. Rd2 Kc7 20. Nd1 Bxd1 21. Kxd1 e4 22. c4 Kd6 23. c5+ Kc7 24. Bh3 Nf8 25. b4 Rg7 26. a4 a6 27. Ke2 Ng6 28. Rb1 Ra8 29. b5 axb5 30. axb5 Ra4 31. Rdb2 Kb8 32. bxc6 1-0

[Event "Olympiad Women-44"]
[Site "Chennai"]
[Date "2022.08.02"]
[Round "5.1"]
[White "Morales Santos, Natasha"]
[Black "Ouellet, Maili Jade"]
[Result "0-1"]
[WhiteElo "1924"]
[BlackElo "2239"]
[PlyCount "90"]
[EventDate "2022.07.29"]
[EventType "team-swiss"]
[EventRounds "11"]
[EventCountry "IND"]
[SourceTitle "CBM 210"]
[Source "ChessBase"]
[SourceDate "2022.10.31"]
[SourceVersion "1"]
[SourceVersionDate "2022.10.31"]
[SourceQuality "1"]
[WhiteTeam "Puerto Rico (W)"]
[BlackTeam "Canada (W)"]
[WhiteTeamCountry "PUR"]
[BlackTeamCountry "CAN"]

1. d4 Nf6 2. c4 e6 3. Nc3 d5 4. cxd5 exd5 5. Bg5 Be7 6. e3 c6 7. Bd3 Nbd7 8. h3 0-0 9. Bf4 Re8 10. Qc2 a6 11. Nge2 c5 12. dxc5 Nxc5 13. 0-0 Nxd3 14. Qxd3 Be6 15. Rfd1 b5 16. Nd4 Qb6 17. Rac1 Rac8 18. Nf5 Bf8 19. Bg5 Ne4 20. Nxe4 Rxc1 21. Nh6+ Kh8 22. Rxc1 dxe4 23. Qc3 Rc8 24. Qxc8 Bxc8 25. Rxc8 gxh6 26. Rxf8+ Kg7 27. Be7 Qc7 28. Re8 Qc1+ 29. Kh2 Qxb2 30. a3 f6 31. Bc5 Qxf2 32. Ra8 Qc2 33. Ra7+ Kg6 34. Bd4 Qc6 35. g4 Qd6+ 36. Kg2 Qxa3 37. h4 h5 38. gxh5+ Kxh5 39. Rxh7+ Kg4 40. h5 Qa2+ 41. Kg1 Qb1+ 42. Kg2 Qc2+ 43. Kg1 Qd1+ 44. Kg2 Qe2+ 45. Kg1 Kh3 0-1